| Tag |
First Indicator |
Second Indicator |
Subfields |
| LEADER |
00000nam a2200000 i 4500 |
| 001 |
in00004745021 |
| 006 |
m o d f |
| 007 |
cr ||||||||||| |
| 008 |
230801s2023 dcua ob f000 0 eng c |
| 005 |
20230928203640.5 |
| 035 |
|
|
|a (OCoLC)on1391762895
|
| 040 |
|
|
|a GPO
|b eng
|e rda
|e pn
|c GPO
|d MvI
|
| 042 |
|
|
|a pcc
|
| 043 |
|
|
|a n-us---
|
| 049 |
|
|
|a WWW
|
| 074 |
|
|
|a 0546-D (online)
|
| 086 |
0 |
|
|a GA 1.13:GAO-23-106093
|
| 088 |
|
|
|a GAO-23-106093
|
| 110 |
1 |
|
|a United States.
|b Government Accountability Office,
|0 https://id.loc.gov/authorities/names/no2004066329
|e author.
|
| 245 |
1 |
0 |
|a Hanford cleanup :
|b DOE should validate its analysis of high-level waste treatment alternatives : report to congressional committees /
|c United States Government Accountability Office.
|
| 246 |
3 |
|
|a Hanford cleanup: Department of Energy should validate its analysis of high-level waste treatment alternatives
|
| 246 |
3 |
0 |
|a DOE should validate its analysis of high-level waste treatment alternatives
|
| 246 |
1 |
7 |
|a GAO-23-106093 Hanford cleanup
|
| 264 |
|
1 |
|a Washington, DC :
|b United States Government Accountability Office,
|c 2023.
|
| 300 |
|
|
|a 1 online resource (ii, 38 pages) :
|b color illustrations
|
| 336 |
|
|
|a text
|b txt
|2 rdacontent
|
| 337 |
|
|
|a computer
|b c
|2 rdamedia
|
| 338 |
|
|
|a online resource
|b cr
|2 rdacarrier
|
| 500 |
|
|
|a "May 2023."
|
| 500 |
|
|
|a "GAO-23-106093."
|
| 500 |
|
|
|a In scope of the U.S. Government Publishing Office Catalog and Indexing Program (C&I) and Federal Depository Library Program (FDLP).
|
| 500 |
|
|
|a GPO Cataloging Record Distribution Program (CRDP).
|
| 504 |
|
|
|a Includes bibliographical references.
|
| 588 |
|
|
|a Description based on online resource; title from PDF title page (GAO, viewed August 1, 2023).
|
| 610 |
1 |
0 |
|a United States.
|b Department of Energy
|x Rules and practice
|x Evaluation.
|
| 651 |
|
0 |
|a Hanford Site (Wash.)
|0 https://id.loc.gov/authorities/subjects/sh99003220
|
| 650 |
|
0 |
|a Radioactive wastes
|x Vitrification
|z Washington (State)
|z Hanford Site
|x Evaluation.
|
| 856 |
4 |
0 |
|u https://purl.fdlp.gov/GPO/gpo215046
|t 0
|
| 999 |
f |
f |
|s 2134d046-637a-4d7b-907b-708b090b3cb8
|i 0bbd88a0-4ee6-4664-abec-32c90c4fec13
|t 0
|
| 952 |
f |
f |
|a Texas A&M University
|b College Station
|c Electronic Resources
|d Available Online
|t 0
|e GA 1.13:GAO-23-106093
|h Superintendent of Documents classification
|
| 998 |
f |
f |
|a GA 1.13:GAO-23-106093
|t 0
|l Available Online
|